000 00528nam a2200169 i 4500
001 65174
003 ES-MaACL
005 20230906165319.0
007 t|
008 040109s1911 fr ||||1| fre d
100 1 _aFraser, John Foster.
_952378
245 1 2 _aL'Australie
_b: comment se fait une nation /
_cJohn Foster Fraser ; adapté de l'anglais par Georges Feuilloy.
260 _aParis :
_b[s.n.],
_c1911 (
_fJ. Dumoulin)
300 _a455 p. ;
_c20 cm.
700 1 _aFeuilloy, Georges.
_950643
852 _aES-MaACL
_jD-1202
999 _c65174
_d65174